00513nam a22001217a 4500008004100000050002400041100002600065245013600091260003400227300002900261504003700290650006400327190315b xxu||||| |||| 00| 0 eng d aLB 1065 b.K54 2018 aKihara Daniel Wambugu aInfluence of teachers' motivation on students' performance in KCSE in public secondary schools :bCase study in kinangop subcounty/ aKenya :bDaniel Kihara,c2018 ax,127p. :bill. ;c29 cm aInclude Bibliographic references aTeachers Motivation xStudent performanceyNyandarua County